| 000 | 00452nam a2200169Ia 4500 | ||
|---|---|---|---|
| 003 | LK-CoDNM | ||
| 005 | 20240725144916.0 | ||
| 008 | 010623t1872 xxu||||| |||| 00| 1 eng d | ||
| 040 |
_aLK-CoDNM _dLK-CoDNM _eLK-CoDNM |
||
| 041 | _aeng | ||
| 080 |
_a8 _bS1 |
||
| 100 | _aDe Gubernatis,Angelo. | ||
| 245 | _aZoological Muthology or the Legends of animals | ||
| 260 |
_bTrubner and Company _aLondon _c1872 |
||
| 300 | _bxxv, 432p. ; 22 cm | ||
| 942 | _cBK | ||
| 999 |
_c81782 _d81782 |
||